[Event "Polanica Zdroj op-C 58th"]
[Site "Polanica Zdroj"]
[Date "2022.08.18"]
[Round "6"]
[White "Janocha, Jan"]
[Black "Michalik, Marek"]
[Result "1/2-1/2"]
[WhiteElo "1547"]
[BlackElo "1742"]
[PlyCount "155"]
[EventDate "2022.08.13"]
[EventType "swiss"]
[EventRounds "9"]
[EventCountry "POL"]
[SourceTitle "CBM 210 Extra"]
[Source "ChessBase"]
[SourceDate "2022.11.30"]
[SourceVersion "1"]
[SourceVersionDate "2022.11.30"]
[SourceQuality "1"]

1. e4 Nf6 2. Nc3 d5 3. exd5 Nxd5 4. Nf3 Bg4 5. d4 e6 6. Be2 Bb4 7. Bd2 0-0 8. 0-0 c5 9. dxc5 Bxc5 10. Ne4 Be7 11. h3 Bh5 12. c3 Qb6 13. b3 Bg6 14. Ng3 Bd6 15. Kh1 Rd8 16. Qc1 Nd7 17. c4 Rac8 18. Nh4 Bxg3 19. Nxg6 Bxf2 20. Nf4 N7f6 21. Bf3 e5 22. Nxd5 Nxd5 23. Qa3 Bc5 24. Qa5 Nf6 25. Qxb6 Bxb6 26. Bg5 Rc7 27. Bxf6 gxf6 28. Bd5 Rd6 29. a4 Re7 30. b4 Bd4 31. Rad1 Kf8 32. Be4 h6 33. c5 Rdd7 34. c6 bxc6 35. Bxc6 Rd6 36. b5 e4 37. Rde1 e3 38. Re2 Bb6 39. g3 Rd2 40. Bf3 Rd4 41. Ra1 Ba5 42. Kg2 f5 43. Ra3 Bd2 44. a5 Rb4 45. Bc6 Rc4 46. a6 Kg7 47. Rd3 Kf6 48. Rd6+ Kg7 49. Bf3 Rcc7 50. Bb7 Ba5 51. b6 Rxb7 52. axb7 Rxb7 53. bxa7 Rxa7 54. Rxe3 f6 55. Red3 Kg6 56. Ra3 Bb6 57. Rxa7 Bxa7 58. Kf3 Bb8 59. Rd8 Be5 60. g4 fxg4+ 61. hxg4 Bc3 62. Rg8+ Kf7 63. Rc8 Be5 64. Ke4 Kg6 65. Re8 Kf7 66. Ra8 Kg6 67. Ra5 Kg5 68. Kf3 Kg6 69. Ra7 Bd4 70. Ra4 Be5 71. Ke4 Kg5 72. Kd5 Kg6 73. Ke6 h5 74. gxh5+ Kxh5 75. Kf5 Kh6 76. Rg4 Bc3 77. Rg6+ Kh7 78. Rxf6 1/2-1/2

[Event "Gora Sw Anny op 9th"]
[Site "Gora Sw Anny"]
[Date "2016.02.06"]
[Round "7"]
[White "Korpalski, Maciej"]
[Black "Janocha, Jan"]
[Result "1/2-1/2"]
[WhiteElo "1901"]
[BlackElo "1744"]
[PlyCount "165"]
[EventDate "2016.02.01"]
[EventType "swiss"]
[EventRounds "10"]
[EventCountry "POL"]
[SourceTitle "CBM 170 Extra"]
[Source "ChessBase"]
[SourceDate "2016.02.25"]
[SourceVersion "1"]
[SourceVersionDate "2016.02.25"]
[SourceQuality "1"]

1. e4 e6 2. d3 d5 3. Nd2 Nf6 4. Ngf3 c5 5. g3 Nc6 6. Bg2 Be7 7. 0-0 Qc7 8. Re1 dxe4 9. dxe4 e5 10. c3 Bg4 11. Nc4 Rd8 12. Qe2 0-0 13. Ne3 Bc8 14. Nh4 Rfe8 15. Nef5 a6 16. Bg5 b5 17. h3 c4 18. Qe3 Rd3 19. Qc1 Qd8 20. Bf1 Rd7 21. Bh6 Nh5 22. Be2 Bxh4 23. Nxh4 gxh6 24. Bxh5 Qg5 25. Bg4 Rd3 26. Bxc8 Rxc8 27. Nf5 Kf8 28. h4 Qxc1 29. Raxc1 h5 30. Red1 Rcd8 31. Ne3 Rd2 32. Rxd2 Rxd2 33. Rc2 Rd3 34. Kf1 Nd8 35. Ke2 Rd6 36. b3 cxb3 37. axb3 Ne6 38. b4 Rc6 39. Ra2 Rxc3 40. Rxa6 Nd4+ 41. Kf1 Rc1+ 42. Kg2 Rb1 43. Ra8+ Kg7 44. Re8 Rxb4 45. Rxe5 Rb1 46. Rd5 Ne6 47. Nf5+ Kf6 48. Nd6 b4 49. e5+ Kg6 50. f4 f5 51. exf6 Kxf6 52. Ne4+ Ke7 53. f5 Nf8 54. Rb5 Nd7 55. Rb7 Kd8 56. f6 b3 57. f7 Nf8 58. Nc3 Rb2+ 59. Kf3 Rc2 60. Rxb3 Ke7 61. Rb7+ Ke6 62. Ne4 Rc8 63. Kf4 Rd8 64. Ng5+ Kf6 65. Rb6+ Kg7 66. Re6 h6 67. Re8 hxg5+ 68. Kxg5 Rd5+ 69. Kf4 Kxf7 70. Ra8 Nd7 71. Ra4 Kg6 72. g4 Nf6 73. gxh5+ Rxh5 74. Kg3 Rf5 75. Rb4 Kh5 76. Ra4 Rc5 77. Rf4 Rc3+ 78. Rf3 Ne4+ 79. Kf4 Rc4 80. Ke5 Ra4 81. Rf4 Nc5 82. Rxa4 Nxa4 83. Kf5 1/2-1/2

[Event "Gora Sw Anny op 9th"]
[Site "Gora Sw Anny"]
[Date "2016.02.02"]
[Round "3"]
[White "Smal, Tobiasz"]
[Black "Janocha, Jan"]
[Result "1-0"]
[WhiteElo "2006"]
[BlackElo "1744"]
[PlyCount "83"]
[EventDate "2016.02.01"]
[EventType "swiss"]
[EventRounds "10"]
[EventCountry "POL"]
[SourceTitle "CBM 170 Extra"]
[Source "ChessBase"]
[SourceDate "2016.02.25"]
[SourceVersion "1"]
[SourceVersionDate "2016.02.25"]
[SourceQuality "1"]

1. Nf3 d5 2. g3 Nf6 3. Bg2 e6 4. 0-0 Be7 5. c4 c6 6. b3 0-0 7. Bb2 Nbd7 8. d3 Re8 9. Nbd2 Bf8 10. e4 h6 11. e5 Nh7 12. Qe2 Be7 13. Bh3 Ndf8 14. Rad1 Ng5 15. Nxg5 hxg5 16. f4 gxf4 17. gxf4 g6 18. Nf3 Nh7 19. Kh1 Bf8 20. Rg1 Bg7 21. Ba3 b6 22. Bd6 c5 23. cxd5 exd5 24. Qg2 Bxh3 25. Qxh3 Qc8 26. f5 d4 27. Rg2 a5 28. Rdg1 Ra7 29. Qg4 Kh8 30. Qh4 Kg8 31. fxg6 fxg6 32. Rxg6 Qf5 33. Qg4 Qxg4 34. R1xg4 Nf8 35. Bxf8 Rxf8 36. Ng5 Re8 37. Ne6 Ree7 38. Kg2 Kh7 39. Rxg7+ Rxg7 40. Rxg7+ Rxg7+ 41. Nxg7 Kxg7 42. Kf3 1-0

[Event "Jastrzebia Gora Fianchetto op"]
[Site "Jastrzebia Gora"]
[Date "2014.??.??"]
[Round "8"]
[White "Grobelna, Ewa"]
[Black "Janocha, Jan"]
[Result "0-1"]
[WhiteElo "1528"]
[BlackElo "1794"]
[PlyCount "46"]
[EventDate "2014.08.31"]
[EventType "swiss"]
[EventRounds "9"]
[EventCountry "POL"]
[SourceTitle "CBM 162 Extra"]
[Source "ChessBase"]
[SourceDate "2014.10.17"]
[SourceVersion "1"]
[SourceVersionDate "2014.10.17"]
[SourceQuality "1"]

1. d4 e6 2. Nf3 d5 3. c4 Nf6 4. a3 c5 5. e3 Nc6 6. Be2 Bd6 7. h3 a6 8. 0-0 dxc4 9. Bxc4 b5 10. Be2 Qc7 11. Nc3 cxd4 12. exd4 Bb7 13. Bg5 Nd7 14. Re1 0-0 15. Rc1 Bf4 16. Bxf4 Qxf4 17. Qd2 Qxd2 18. Nxd2 Nxd4 19. Bf3 Nxf3+ 20. Nxf3 Bxf3 21. gxf3 Rfd8 22. Ne4 Ne5 23. f4 Nf3+ 0-1

[Event "Jastrzebia Gora Fianchetto op"]
[Site "Jastrzebia Gora"]
[Date "2014.??.??"]
[Round "1"]
[White "Janocha, Jan"]
[Black "Budnik, Kazimierz"]
[Result "1-0"]
[WhiteElo "1794"]
[BlackElo "1339"]
[PlyCount "49"]
[EventDate "2014.08.31"]
[EventType "swiss"]
[EventRounds "9"]
[EventCountry "POL"]
[SourceTitle "CBM 162 Extra"]
[Source "ChessBase"]
[SourceDate "2014.10.17"]
[SourceVersion "1"]
[SourceVersionDate "2014.10.17"]
[SourceQuality "1"]

1. e4 c5 2. Nf3 e6 3. d4 cxd4 4. Nxd4 Nf6 5. Nc3 d6 6. Bd3 Be7 7. 0-0 0-0 8. Be3 Nc6 9. Nxc6 bxc6 10. f4 Qc7 11. Qe2 Re8 12. e5 dxe5 13. fxe5 Qxe5 14. Qf3 Bc5 15. Rae1 Bxe3+ 16. Rxe3 Qc5 17. Ne4 Qb6 18. Kh1 Qxb2 19. c3 Bb7 20. Nxf6+ Kh8 21. Nxe8 c5 22. Qh3 h6 23. Nd6 f6 24. Nxb7 Qxb7 25. Qxe6 1-0

[Event "Jastrzebia Gora Fianchetto op"]
[Site "Jastrzebia Gora"]
[Date "2014.??.??"]
[Round "7"]
[White "Janocha, Jan"]
[Black "Fojcik, Krzysztof"]
[Result "0-1"]
[WhiteElo "1794"]
[BlackElo "1511"]
[PlyCount "54"]
[EventDate "2014.08.31"]
[EventType "swiss"]
[EventRounds "9"]
[EventCountry "POL"]
[SourceTitle "CBM 162 Extra"]
[Source "ChessBase"]
[SourceDate "2014.10.17"]
[SourceVersion "1"]
[SourceVersionDate "2014.10.17"]
[SourceQuality "1"]

1. e4 e6 2. d4 d5 3. exd5 exd5 4. Nf3 Bd6 5. Bd3 Ne7 6. 0-0 Bf5 7. Bg5 f6 8. Bh4 0-0 9. Bg3 Bxg3 10. fxg3 Bxd3 11. Qxd3 c6 12. Nbd2 Nd7 13. g4 Ng6 14. g3 Qc7 15. Kg2 Rae8 16. Rae1 Rxe1 17. Rxe1 Rf7 18. b3 Ndf8 19. c4 Qd7 20. g5 Ne6 21. gxf6 Ngf4+ 22. gxf4 Nxf4+ 23. Kh1 Nxd3 24. Rg1 Rxf6 25. Rg3 Rg6 26. cxd5 Rxg3 27. hxg3 Qh3+ 0-1

[Event "Jastrzebia Gora Fianchetto op"]
[Site "Jastrzebia Gora"]
[Date "2014.??.??"]
[Round "3"]
[White "Janocha, Jan"]
[Black "Kondrusik, Aleksander"]
[Result "1-0"]
[WhiteElo "1794"]
[BlackElo "1530"]
[PlyCount "81"]
[EventDate "2014.08.31"]
[EventType "swiss"]
[EventRounds "9"]
[EventCountry "POL"]
[SourceTitle "CBM 162 Extra"]
[Source "ChessBase"]
[SourceDate "2014.10.17"]
[SourceVersion "1"]
[SourceVersionDate "2014.10.17"]
[SourceQuality "1"]

1. e4 c5 2. Nc3 Nc6 3. f4 e6 4. Bc4 a6 5. a4 Be7 6. Nf3 b6 7. 0-0 Bb7 8. d4 cxd4 9. Ne2 d5 10. exd5 Na5 11. dxe6 Nxc4 12. exf7+ Kxf7 13. Ng5+ Ke8 14. Nxd4 Qd5 15. Rf2 Nf6 16. Nge6 Rc8 17. b3 Nd6 18. c4 Nxc4 19. bxc4 Rxc4 20. Bb2 g6 21. Rc1 Rg8 22. Nc7+ Rxc7 23. Rxc7 Bd6 24. Rc1 Ne4 25. Re2 Bxf4 26. Rcc2 Kd7 27. Qd3 Ng5 28. Qa3 Bd6 29. Qb3 Rf8 30. Qd3 Bc5 31. h4 Ne4 32. Qc4 Qf5 33. Rc1 Rc8 34. Rf1 Qd5 35. Rf7+ Kd6 36. Rxh7 Ke5 37. Rg7 Bxd4+ 38. Bxd4+ Qxd4+ 39. Qxd4+ Kxd4 40. Rxg6 Rc4 41. Rxb6 1-0

[Event "Rowy op 09"]
[Site "Rowy"]
[Date "2012.09.??"]
[Round "8"]
[White "Janocha, Jan"]
[Black "Budnik, Kazimierz"]
[Result "1-0"]
[WhiteElo "1832"]
[BlackElo "1423"]
[PlyCount "45"]
[EventDate "2012.09.??"]
[EventType "swiss"]
[EventRounds "9"]
[EventCountry "POL"]
[SourceTitle "EXT 2014"]
[Source "ChessBase"]
[SourceDate "2013.11.20"]
[SourceVersion "1"]
[SourceVersionDate "2013.11.20"]
[SourceQuality "1"]

1. e4 c5 2. Nf3 e6 3. c3 d6 4. d4 cxd4 5. cxd4 Nf6 6. Nc3 Be7 7. Bd3 0-0 8. Bf4 Nc6 9. Rc1 Kh8 10. e5 dxe5 11. dxe5 Nd7 12. Qe2 f6 13. Rd1 Qa5 14. exf6 Nxf6 15. 0-0 Bb4 16. Ne5 Bxc3 17. Nxc6 bxc6 18. bxc3 Qxc3 19. Be5 Qa3 20. Bxf6 Rxf6 21. Qh5 g6 22. Bxg6 Qe7 23. Rd8+ 1-0

[Event "Rowy op 09"]
[Site "Rowy"]
[Date "2012.09.??"]
[Round "7"]
[White "Radwan, Jan"]
[Black "Janocha, Jan"]
[Result "1-0"]
[WhiteElo "1618"]
[BlackElo "1832"]
[PlyCount "83"]
[EventDate "2012.09.??"]
[EventType "swiss"]
[EventRounds "9"]
[EventCountry "POL"]
[SourceTitle "EXT 2014"]
[Source "ChessBase"]
[SourceDate "2013.11.20"]
[SourceVersion "1"]
[SourceVersionDate "2013.11.20"]
[SourceQuality "1"]

1. b4 e5 2. Bb2 Bxb4 3. Bxe5 Nf6 4. c3 Bc5 5. d4 Bb6 6. Qc2 0-0 7. h3 d6 8. Bh2 c5 9. e3 Re8 10. Be2 Nc6 11. dxc5 dxc5 12. Nf3 Ne4 13. 0-0 Bf5 14. Qb2 Qe7 15. Nbd2 Rad8 16. Nxe4 Bxe4 17. a4 Na5 18. Bf4 f6 19. Nd2 Bc6 20. Nc4 Nxc4 21. Bxc4+ Kh8 22. Qe2 Ba5 23. Rfc1 a6 24. Ra3 Rd7 25. Ra2 Red8 26. Kh2 g5 27. Bg3 Kg7 28. f4 h6 29. fxg5 hxg5 30. Qf2 Be4 31. Bf1 Bd3 32. Be2 Bxe2 33. Qxe2 Rd3 34. e4 Rxc3 35. Rf1 Bc7 36. Bxc7 Qxc7+ 37. Kh1 Rcd3 38. Rc2 Qe5 39. Rb2 R8d7 40. Rb6 R3d6 41. Rbb1 Re7 42. Rbd1 1-0

[Event "Gora Sw Anny op 4th"]
[Site "Gora Sw Anny"]
[Date "2011.02.17"]
[Round "7"]
[White "Leszczak, Jakub"]
[Black "Janocha, Jan"]
[Result "1-0"]
[WhiteElo "1492"]
[BlackElo "1782"]
[PlyCount "81"]
[EventDate "2011.02.12"]
[EventType "swiss"]
[EventRounds "9"]
[EventCountry "POL"]
[SourceTitle "CBM 140 Extra"]
[Source "ChessBase"]
[SourceDate "2011.03.01"]
[SourceVersion "1"]
[SourceVersionDate "2011.03.01"]
[SourceQuality "1"]

1. Nf3 c5 2. b3 Nc6 3. Bb2 e6 4. e3 Nf6 5. d4 d5 6. Be2 cxd4 7. exd4 a6 8. 0-0 Bd6 9. c4 0-0 10. Nbd2 Ne7 11. Ne5 Ng6 12. f4 Bc7 13. Rc1 b5 14. c5 Ne7 15. Ndf3 Bb7 16. b4 Rc8 17. a4 Nc6 18. axb5 axb5 19. Bxb5 Nxb4 20. Qa4 Nc6 21. Nxc6 Bxc6 22. Bxc6 Bxf4 23. Rb1 Qc7 24. Bb5 Be3+ 25. Kh1 Ng4 26. Bc1 Qf4 27. Bxe3 Qxe3 28. Qc2 Qh6 29. Qd2 Ne3 30. Rfe1 Nf5 31. Qxh6 gxh6 32. Bd3 Ne7 33. Rb7 Nc6 34. g3 Ra8 35. Rb6 Rfc8 36. Ba6 Rc7 37. Rxc6 Rxc6 38. Bb7 Ra3 39. Bxc6 Rxf3 40. Bb7 Rc3 41. c6 1-0

[Event "Gora Sw Anny op 4th"]
[Site "Gora Sw Anny"]
[Date "2011.02.14"]
[Round "4"]
[White "Nowak, Maciej"]
[Black "Janocha, Jan"]
[Result "1-0"]
[WhiteElo "2033"]
[BlackElo "1782"]
[PlyCount "95"]
[EventDate "2011.02.12"]
[EventType "swiss"]
[EventRounds "9"]
[EventCountry "POL"]
[SourceTitle "CBM 140 Extra"]
[Source "ChessBase"]
[SourceDate "2011.03.01"]
[SourceVersion "1"]
[SourceVersionDate "2011.03.01"]
[SourceQuality "1"]

1. d4 e6 2. Nf3 Nf6 3. c4 d5 4. g3 Be7 5. Bg2 c6 6. 0-0 0-0 7. Qc2 b6 8. Bf4 Bb7 9. Nc3 Nbd7 10. cxd5 Nxd5 11. Bd2 c5 12. Nxd5 Bxd5 13. e4 Bb7 14. Bc3 cxd4 15. Nxd4 Nf6 16. Rad1 Qb8 17. Rfe1 a6 18. Qb3 Bc5 19. a4 a5 20. Nb5 e5 21. h3 Bc6 22. Rd2 Rd8 23. Qc2 Bxb5 24. axb5 Qc7 25. Red1 Rxd2 26. Qxd2 h6 27. Kh2 Re8 28. f3 Qe7 29. h4 Qe6 30. Qc2 Qe7 31. Bf1 Nh7 32. Rd5 Qf6 33. f4 Bd6 34. Qd3 Bb8 35. Bh3 g5 36. hxg5 hxg5 37. Bd7 Re7 38. f5 Qh6+ 39. Kg2 g4 40. Bc6 Qh3+ 41. Kg1 Ng5 42. Rd8+ Kg7 43. Rxb8 Nf3+ 44. Kf2 Qh2+ 45. Kf1 Qxg3 46. Qe3 Nh2+ 47. Ke2 Qf4 48. Qxf4 1-0

[Event "Polanica Zdroj op-B 47th"]
[Site "Polanica Zdroj"]
[Date "2011.??.??"]
[Round "5"]
[White "Janocha, Jan"]
[Black "Kozicz, Andrzej"]
[Result "1-0"]
[WhiteElo "1781"]
[BlackElo "2014"]
[PlyCount "57"]
[EventDate "2011.08.18"]
[EventType "swiss"]
[EventRounds "9"]
[EventCountry "POL"]
[SourceTitle "CBM 144 Extra"]
[Source "ChessBase"]
[SourceDate "2011.10.28"]
[SourceVersion "1"]
[SourceVersionDate "2011.10.28"]
[SourceQuality "1"]

1. e4 c5 2. Nf3 a6 3. c3 d5 4. exd5 Qxd5 5. d4 cxd4 6. Qxd4 Qxd4 7. Nxd4 e6 8. Bd3 Nf6 9. 0-0 Bc5 10. Be3 Nbd7 11. Nd2 0-0 12. Ne4 Nxe4 13. Bxe4 Bxd4 14. Bxd4 f5 15. Bc2 e5 16. Be3 f4 17. Bd2 g5 18. f3 Kg7 19. Rae1 h5 20. c4 Kf6 21. Bc3 Re8 22. Rd1 Re6 23. Rd5 b6 24. b4 Ra7 25. Rfd1 Re7 26. Bb3 g4 27. Be1 Kg5 28. Bf2 Nf6 29. Rd6 1-0

[Event "Polanica Zdroj op-B 47th"]
[Site "Polanica Zdroj"]
[Date "2011.??.??"]
[Round "1"]
[White "Janocha, Jan"]
[Black "Olejarczyk, Bogdan"]
[Result "1/2-1/2"]
[WhiteElo "1781"]
[BlackElo "2137"]
[PlyCount "78"]
[EventDate "2011.08.18"]
[EventType "swiss"]
[EventRounds "9"]
[EventCountry "POL"]
[SourceTitle "CBM 144 Extra"]
[Source "ChessBase"]
[SourceDate "2011.10.28"]
[SourceVersion "1"]
[SourceVersionDate "2011.10.28"]
[SourceQuality "1"]

1. e4 d5 2. exd5 Qxd5 3. Nf3 Nf6 4. d4 c6 5. Bf4 Qe4+ 6. Be3 Ng4 7. Qd3 Qxd3 8. Bxd3 Nxe3 9. fxe3 g6 10. Nbd2 Bh6 11. Kf2 Nd7 12. h3 0-0 13. g4 Bg7 14. c3 e5 15. Bc2 exd4 16. exd4 Nb6 17. Rae1 Be6 18. Bb3 Bxb3 19. axb3 f5 20. Re7 Rab8 21. gxf5 Rxf5 22. Rhe1 Nd5 23. Re8+ Rxe8 24. Rxe8+ Rf8 25. Rxf8+ Kxf8 26. Ne1 Ke7 27. Nd3 Bh6 28. Ne4 Nf4 29. Nxf4 Bxf4 30. Nc5 b6 31. Nd3 Bd6 32. Kf3 a5 33. Ke4 Ke6 34. c4 h6 35. Nf2 h5 36. Nd1 g5 37. Ne3 Bf4 38. d5+ Kd6 39. Nf5+ Kc5 1/2-1/2

[Event "Polanica Zdroj op-B 47th"]
[Site "Polanica Zdroj"]
[Date "2011.??.??"]
[Round "7"]
[White "Janocha, Jan"]
[Black "Pojedziniec, Wladyslaw"]
[Result "0-1"]
[WhiteElo "1781"]
[BlackElo "2168"]
[PlyCount "68"]
[EventDate "2011.08.18"]
[EventType "swiss"]
[EventRounds "9"]
[EventCountry "POL"]
[SourceTitle "CBM 144 Extra"]
[Source "ChessBase"]
[SourceDate "2011.10.28"]
[SourceVersion "1"]
[SourceVersionDate "2011.10.28"]
[SourceQuality "1"]

1. e4 c5 2. Nf3 d6 3. c3 Nf6 4. Be2 Nc6 5. d3 e5 6. Nbd2 Be7 7. Nf1 0-0 8. Ng3 d5 9. Bg5 Be6 10. 0-0 Qc7 11. Qc2 Rad8 12. a3 h6 13. Bxf6 Bxf6 14. h3 g6 15. Rac1 Bg7 16. b4 Qe7 17. Qa4 a6 18. Rfe1 f5 19. Qc2 b5 20. bxc5 Qxc5 21. exf5 gxf5 22. Nh5 Qe7 23. Nxg7 Qxg7 24. Kh1 Kh8 25. a4 Ra8 26. Rg1 Rg8 27. axb5 axb5 28. Qd2 e4 29. Nd4 Nxd4 30. cxd4 Qg5 31. Qxg5 hxg5 32. dxe4 dxe4 33. Rc5 Rgd8 34. Bxb5 Rxd4 0-1

[Event "Polanica Zdroj op-E 46th"]
[Site "Polanica Zdroj"]
[Date "2010.08.27"]
[Round "9"]
[White "Niezgoda, Boleslaw"]
[Black "Janocha, Jan"]
[Result "0-1"]
[WhiteElo "1761"]
[BlackElo "1803"]
[PlyCount "73"]
[EventDate "2010.08.19"]
[EventType "swiss"]
[EventRounds "10"]
[EventCountry "POL"]
[SourceTitle "CBM 138 Extra"]
[Source "ChessBase"]
[SourceDate "2010.10.29"]
[SourceVersion "1"]
[SourceVersionDate "2010.10.29"]
[SourceQuality "1"]

1. e4 e6 2. d4 d5 3. Nc3 Nf6 4. e5 Nfd7 5. Bd3 c5 6. dxc5 Nxe5 7. Nf3 Nxd3+ 8. Qxd3 Bxc5 9. Qb5+ Nd7 10. Ne5 Qb6 11. Nxd7 Bxf2+ 12. Ke2 Bxd7 13. Qxb6 Bxb6 14. Bf4 0-0 15. a4 a6 16. Rhf1 Bc6 17. g4 g6 18. Bh6 Rfe8 19. h4 d4 20. Nd1 Rac8 21. h5 Be4 22. c3 Red8 23. hxg6 Bxg6 24. Bg5 Rd7 25. Kf3 dxc3 26. Nxc3 Rd3+ 27. Kg2 Ba5 28. Bf6 Rd2+ 29. Rf2 Bxc3 30. Bxc3 Be4+ 31. Kg3 Rxf2 32. Kxf2 Rc4 33. Rd1 Bd5 34. g5 Rxa4 35. Rg1 Rf4+ 36. Kg3 Rf3+ 37. Kg2 0-1

[Event "Gora Sw Anny op 3rd"]
[Site "Gora Sw Anny"]
[Date "2010.02.10"]
[Round "5"]
[White "Dabek, Karolina"]
[Black "Janocha, Jan"]
[Result "1-0"]
[WhiteElo "1525"]
[BlackElo "1854"]
[PlyCount "95"]
[EventDate "2010.02.08"]
[EventType "swiss"]
[EventRounds "9"]
[EventCountry "POL"]
[SourceTitle "CBM 135 Extra"]
[Source "ChessBase"]
[SourceDate "2010.05.04"]
[SourceVersion "1"]
[SourceVersionDate "2010.05.04"]
[SourceQuality "1"]

1. e4 e6 2. d4 b6 3. d5 d6 4. Bb5+ Bd7 5. Bxd7+ Qxd7 6. Qe2 e5 7. Be3 Nf6 8. Nd2 Be7 9. Ngf3 a5 10. 0-0 0-0 11. h3 h6 12. Nh2 Na6 13. Nb3 Nxe4 14. Bxh6 Nf6 15. Bd2 a4 16. Nc1 Nxd5 17. Re1 f5 18. Qc4 Qe6 19. Qxa4 Nc5 20. Qc4 c6 21. Nb3 Ra4 22. Nxc5 bxc5 23. Qxa4 Qc8 24. c4 Nb6 25. Qc2 Qa6 26. b3 Qc8 27. Rad1 Qc7 28. Ba5 Qb7 29. Bxb6 Qxb6 30. Nf1 Qc7 31. Ne3 Qd7 32. Rd2 Qe6 33. Ra1 e4 34. a4 Bf6 35. Ra2 Bd4 36. Re2 Re8 37. a5 f4 38. Ng4 e3 39. fxe3 fxe3 40. a6 Qf7 41. Qc1 d5 42. a7 Ra8 43. Nxe3 Rxa7 44. Rxa7 Qxa7 45. Kh1 Qf7 46. Re1 Qf4 47. cxd5 Be5 48. Ng4 1-0

[Event "POL-ch disabled"]
[Site "Rowy"]
[Date "2009.09.06"]
[Round "8.22"]
[White "Janocha, Jan"]
[Black "Krawczyk, Zbigniew"]
[Result "1-0"]
[WhiteElo "1821"]
[BlackElo "1757"]
[PlyCount "44"]
[EventDate "2009.09.01"]
[EventType "swiss"]
[EventRounds "9"]
[EventCountry "POL"]
[SourceTitle "EXT 2023"]
[Source "ChessBase"]
[SourceDate "2022.10.05"]
[SourceVersion "1"]
[SourceVersionDate "2022.10.05"]
[SourceQuality "1"]

1. e4 c6 2. Nf3 d5 3. e5 Bg4 4. d4 e6 5. Bd3 Nd7 6. Be3 c5 7. c3 cxd4 8. cxd4 Bb4+ 9. Nc3 Bxc3+ 10. bxc3 Qa5 11. Bd2 Bxf3 12. Qxf3 Ne7 13. 0-0 Rc8 14. Qg3 Ng6 15. h4 h5 16. Bxg6 fxg6 17. Qxg6+ Kd8 18. Qxe6 Rc6 19. Qf7 Qa6 20. Qxd5 Re8 21. Qf3 g6 22. Rfc1 Qc4 1-0

[Event "POL-ch disabled"]
[Site "Rowy"]
[Date "2009.09.04"]
[Round "5.18"]
[White "Wolski, Jerzy"]
[Black "Janocha, Jan"]
[Result "1/2-1/2"]
[WhiteElo "1981"]
[BlackElo "1821"]
[PlyCount "73"]
[EventDate "2009.09.01"]
[EventType "swiss"]
[EventRounds "9"]
[EventCountry "POL"]
[SourceTitle "EXT 2023"]
[Source "ChessBase"]
[SourceDate "2022.10.05"]
[SourceVersion "1"]
[SourceVersionDate "2022.10.05"]
[SourceQuality "1"]

1. e4 e6 2. d3 d5 3. Nd2 Nf6 4. Ngf3 c5 5. g3 Nc6 6. Bg2 Be7 7. 0-0 0-0 8. e5 Nd7 9. Re1 Qc7 10. Qe2 a5 11. h4 b5 12. Nf1 Bb7 13. Bf4 b4 14. Ne3 Rac8 15. Nxd5 Qd8 16. Nxe7+ Qxe7 17. Ng5 h6 18. Nf3 Nb6 19. Rac1 Nd4 20. Nxd4 cxd4 21. Qh5 Bxg2 22. Kxg2 Nd5 23. Bd2 f5 24. exf6 Qxf6 25. Re2 Rc5 26. Qg4 e5 27. Qe4 Nb6 28. f4 Nd7 29. c3 exf4 30. Qe6+ Qxe6 31. Rxe6 dxc3 32. bxc3 fxg3 33. Kxg3 Rd5 34. cxb4 Rxd3+ 35. Be3 axb4 36. Rc7 Kf7 37. Re4 1/2-1/2